000
00209 a2200097 4500
001
6416
100
_a
Akhtar, S M
245
_a
Introduction to Modern Economics
260
_a
_b
United
_c
090
_c
5277
_d
5277
942
_a
NUST-CAE
_c
M
_c
31686
999
_c
241489
_d
241489